ბათუმის შოთა რუსთაველის სახელმწიფო უნივერსიტეტის ბიბლიოთეკა

მემცნენარეობის პროდუქციის წარმოების ტექნოლოგიების სახელმწიფო რეგისტრი (ბიბ.ჩანაწერი № 35442)

000 -LEADER
fixed length control field 00978nam a2200205Ia 4500
001 - CONTROL NUMBER
control field 1300
003 - CONTROL NUMBER IDENTIFIER
control field GE_BSU
008 - FIXED-LENGTH DATA ELEMENTS--GENERAL INFORMATION
fixed length control field 181216s||||||||xx |||||||||||||| ||und||
020 ## - INTERNATIONAL STANDARD BOOK NUMBER
International Standard Book Number 9982876840
040 ## - CATALOGING SOURCE
Transcribing agency GE_BSU
080 ## - UNIVERSAL DECIMAL CLASSIFICATION NUMBER
Universal Decimal Classification number 633/635
245 ## - TITLE STATEMENT
Title მემცნენარეობის პროდუქციის წარმოების ტექნოლოგიების სახელმწიფო რეგისტრი
245 ## - TITLE STATEMENT
Remainder of title (მემცენარეობის ტექნოლოგიური სისტემა). რეკომენდაციები. საქ. სოფლ. მერნ. მექანიზ. და ელექტროფ. სამ-კვლ. ინ-ტი.
260 ## - PUBLICATION, DISTRIBUTION, ETC.
Place of publication, distribution, etc. თბილისი
260 ## - PUBLICATION, DISTRIBUTION, ETC.
Date of publication, distribution, etc. 2006
300 ## - PHYSICAL DESCRIPTION
Extent 424 გვ. 28 სმ.
653 ## - INDEX TERM--UNCONTROLLED
Uncontrolled term მემცენარეობის პროდუქციის წარმოება
942 ## - ADDED ENTRY ELEMENTS (KOHA)
Koha item type წიგნი
ეგზემპლარები
Withdrawn status Lost status Damaged status Not for loan Date acquired Barcode Date last seen Price effective from Koha item type
        2018-12-17 2771 2018-12-17 2018-12-17 წიგნი